000 00596nam a22001937a 4500
003 OSt
005 20161115133318.0
008 161115b xxu||||| |||| 00| 0 eng d
020 _a0521621658
040 _cDDC.
082 _a532.05DUB 1999.
100 _aDubois,Theirry;Jauberteau,Francois;Temam,Roger;
_911294
245 _aDynamic Multilevel Methods and the Numerical simulation of Turbulance
260 _aAustraria.
_bCambridge University Press.
_c1999.
300 _axix,289p;
_bill:
_c22cm.
504 _aincludes references and index.
650 _aPhysics.
_9809
942 _2ddc
_cO_SHELF
999 _c5401
_d5401